000 01017cam a2200217 4500
008 030506n2003 000 0 eng u
035 _a(Sirsi) u122195
245 _aUK to meet Kyoto target
260 _c2003
490 _aEnvironment Information Bulletin
_v(129) May 2003, 2(1)
520 _aEmissions of greenhouse gases are falling steadily, according to the latest provisional statistics for the UK's climate change headline indicator. Total emissions in 2002 are estimated at between 14% and 15% below the 1990 level. Under the Kyoto Protocol, the UK has a target of 12.5% to cut in total emissions over the period 2008-12 compared to 1990. www.defra.gov.uk/news/2003/030327a.htm
590 _aWB
650 _aKYOTO PROTOCOL TO THE UNITED NATIONS FRAMEWORK CONVENTION ON CLIMATE CHANGE
650 _aGREENHOUSE GAS EMISSIONS
650 _aCLIMATE CHANGE
650 _aCARBON DIOXIDE EMISSIONS
650 _aENERGY CONSUMPTION
650 _aREDUCTION
690 _aEnvironment
_96238
942 _n0
999 _c72623
_d72623